000 00571nam a22001817a 4500
005 20180709114410.0
010 _aENG-123406
020 _a9788188286782
_c495.00
035 _aEN-106938
037 _bDBAD/PUB.
082 _a881.91
100 _aRattan, P.L.
245 _aSri Aurobindo and the sonnet tradition :
_cP.L. Rattan
260 _aNew Delhi
_bNorth India Publishers and Distributors (Vendor)
_c2017
270 _aRabindra Bhavan, 35, Ferozshah Road
_bDelhi
_e110090
300 _a168p.
_c21cm.(Hb)
942 _adpl
_cEN
_2ddc
_h881.91
_mRAT
999 _c153618
_d153618